00233nam a2200097Ia 4500008004100000082000800041100002100049245004400070942000600114999001500120240331s9999 xx 000 0 und d bHET aHettiarachchy, T 4aThe Sinhala peasant in changing society cL c2224d2224